|
|
|
|
| LEADER |
00000nam0a2200000 4500 |
| 001 |
130283 |
| 005 |
20231031133842.0 |
| 020 |
|
|
|a RU
|b 89-20086ж
|
| 035 |
|
|
|a (RuTPU)RU\TPU\book\141104
|
| 090 |
|
|
|a 130283
|
| 100 |
|
|
|a 20080201a1989 k y0rusy5003 ca
|
| 101 |
0 |
|
|a rus
|
| 102 |
|
|
|a RU
|
| 105 |
|
|
|a a z 001zy
|
| 200 |
1 |
|
|a Проблемы бурения скважин и разработки нефтяных и газовых месторождений
|e сборник научных трудов
|v № 214
|f Московский институт нефти и газа им. И. М. Губкина; под ред. О. К. Ангелопуло
|
| 210 |
|
|
|a Москва
|c Изд-во МИНГ
|d 1989
|
| 215 |
|
|
|a 167 с.
|c ил.
|
| 320 |
|
|
|a Библиогр. в конце статей
|
| 610 |
1 |
|
|a нефтяные месторождения
|
| 610 |
1 |
|
|a газовые месторождения
|
| 610 |
1 |
|
|a скважины
|
| 610 |
1 |
|
|a бурение
|
| 610 |
1 |
|
|a разработка
|
| 610 |
1 |
|
|a добыча
|
| 610 |
1 |
|
|a технологические процессы
|
| 610 |
1 |
|
|a математическое моделирование
|
| 610 |
1 |
|
|a прогнозирование
|
| 675 |
|
|
|a 622.27
|v 3
|
| 675 |
|
|
|a 622.241
|v 3
|
| 702 |
|
1 |
|a Ангелопуло
|b О. К.
|g Олег Константинович
|4 340
|
| 712 |
0 |
2 |
|a Московский институт нефти и газа им. И. М. Губкина
|2 stltpush
|3 (RuTPU)RU\TPU\col\13869
|
| 801 |
|
0 |
|a RU
|b RuMRKP
|c 19950417
|g psbo
|
| 801 |
|
1 |
|a RU
|b 63413507
|c 20080201
|g PSBO
|
| 801 |
|
2 |
|a RU
|b 63413507
|c 20140314
|g PSBO
|
| 942 |
|
|
|c BK
|